| 000 | 00552nam a22001817a 4500 | ||
|---|---|---|---|
| 003 | CEME | ||
| 005 | 20210628202059.0 | ||
| 008 | 210225b xxu||||| |||| 00| 0 eng d | ||
| 020 | _a0-85296-793-4 | ||
| 040 | _c. | ||
| 082 | _a621.46 CON | ||
| 100 |
_aDrury, Bill _958190 |
||
| 245 | _aThe control techniques drives and controls handbook | ||
| 260 |
_aUK _bTHE INSTITUTION OF ELECTRICAL ENGINEERS _c2001 |
||
| 300 | _aXIX,371P | ||
| 650 |
_aELECTRIC MOTORS ELECTRIC CONTROLLERS ELECTRIC DRIVING CONTROL TECHNIQUES DRIVES _958191 |
||
| 942 |
_cBK _2ddc |
||
| 999 |
_c568395 _d568395 |
||